More money than God : (Record no. 20153)
[ view plain ]
| 000 -LEADER | |
|---|---|
| fixed length control field | 01364cam a22002775a 4500 |
| 001 - CONTROL NUMBER | |
| control field | 16054333 |
| 005 - DATE AND TIME OF LATEST TRANSACTION | |
| control field | 20160208122922.0 |
| 008 - FIXED-LENGTH DATA ELEMENTS--GENERAL INFORMATION | |
| fixed length control field | 100114s2010 nyudo frb 001 0 eng d |
| 020 ## - INTERNATIONAL STANDARD BOOK NUMBER | |
| International Standard Book Number | 9781594202551 |
| 040 ## - CATALOGING SOURCE | |
| Original cataloging agency | DLC |
| Language of cataloging | eng |
| Transcribing agency | DLC |
| Modifying agency | DLC |
| -- | EG-ScBUE |
| -- | EG-ScBUE |
| 082 04 - DEWEY DECIMAL CLASSIFICATION NUMBER | |
| Classification number | 332.64524 |
| Item number | MAL |
| Edition number | 22 |
| 100 1# - MAIN ENTRY--PERSONAL NAME | |
| Personal name | Mallaby, Sebastian. |
| 9 (RLIN) | 39264 |
| 245 10 - TITLE STATEMENT | |
| Title | More money than God : |
| Remainder of title | hedge funds and the making of a new elite / |
| Statement of responsibility, etc | Sebastian Mallaby. |
| 260 ## - PUBLICATION, DISTRIBUTION, ETC. (IMPRINT) | |
| Place of publication, distribution, etc | New York : |
| Name of publisher, distributor, etc | Penguin Press / Penguin Books, |
| Date of publication, distribution, etc | 2010. |
| 300 ## - PHYSICAL DESCRIPTION | |
| Extent | 482 p. : |
| Other physical details | charts, photographs ; |
| Dimensions | 22 cm. |
| 500 ## - GENERAL NOTE | |
| General note | "A council on foreign relations book"--T.p. |
| 500 ## - GENERAL NOTE | |
| General note | "A superbly researched history of hedge-fund heroes ... a fascinating tale." the economist --T.p. |
| 500 ## - GENERAL NOTE | |
| General note | Index : p. 465-482. |
| 504 ## - BIBLIOGRAPHY, ETC. NOTE | |
| Bibliography, etc | Bibliography : p. [408]-463. |
| 505 0# - FORMATTED CONTENTS NOTE | |
| Formatted contents note | Big daddy -- The block trader -- Paul Samuelson's secret -- The alchemist -- Top cat -- Rock-and-roll cowboy -- White Wednesday -- Hurricane Greenspan -- Soros versus Soros -- The enemy is us -- The dot-com double -- The Yale men -- The code breakers -- Premonitions of a crisis -- Riding the storm -- "How could they do this?" -- Conclusion : scarier than what? |
| 650 #0 - SUBJECT ADDED ENTRY--TOPICAL TERM | |
| Topical term or geographic name as entry element | Hedge funds. |
| Source of heading or term | BUEsh |
| 650 #0 - SUBJECT ADDED ENTRY--TOPICAL TERM | |
| Topical term or geographic name as entry element | Investment advisors. |
| Source of heading or term | BUEsh |
| 651 ## - SUBJECT ADDED ENTRY--GEOGRAPHIC NAME | |
| Source of heading or term | BUEsh |
| 653 ## - INDEX TERM--UNCONTROLLED | |
| Resource For college | BAEPS, Business Administration |
| Arrived date list | July2015 |
| -- | February2016 |
| 942 ## - ADDED ENTRY ELEMENTS (KOHA) | |
| Source of classification or shelving scheme | Dewey Decimal Classification |
| Call number prefix | 332.64524 MAL |
| Withdrawn status | Lost status | Source of classification or shelving scheme | Damaged status | Not for loan | Koha collection | Home library | Current library | Shelving location | Date acquired | Source of acquisition | Cost, normal purchase price | Serial Enumeration / chronology | Total Checkouts | Full call number | Barcode | Date last seen | Cost, replacement price | Koha item type |
|---|---|---|---|---|---|---|---|---|---|---|---|---|---|---|---|---|---|---|
| Dewey Decimal Classification | Baccah | Central Library | Central Library | First floor | 02/07/2015 | Purchase | 161.00 | 22696 | 332.64524 MAL | 000039421 | 15/07/2025 | 201.00 | Book - Borrowing |